[Event "Ogolnopolska Olimpiada Mlodziezy C-12"]
[Site "Spala"]
[Date "1899-12-30"]
[Round "9.7"]
[White "Pultorak, Jan"]
[Black "Wegrzyniak, Pawel"]
[Result "1-0"]
[WhiteTitle "I"]
[BlackTitle "II+"]
[WhiteElo "1965"]
[BlackElo "1472"]

1. d4 d5 2. c4 e6 3. Nc3 Nf6 4. Nf3 Be7 5. Bf4 c6 6. e3 Nbd7 7. c5 O-O 8. Bd3 Re8
9. O-O h6 10. b4 Nh5 11. b5 Qa5 12. Qc2 Bf6 13. g4 Nxf4 14. exf4 Qc7 15. Qd2 g6
16. Ne2 Qd8 17. Ne5 Bxe5 18. fxe5 Qg5 19. Qxg5 hxg5 20. f4 gxf4 21. Rxf4 g5 22.
Rf3 Kg7 23. Raf1 Rf8 24. Ng3 a6 25. b6 a5 26. a4 Rb8 27. Nh5+ Kg8 28. Rh3 Re8
29. Nf6+ Nxf6 30. Rxf6 Kg7 31. Rh7+ Kg8 32. Rfxf7 Ra8 33. Rhg7+ Kh8 34. Rxg5 Re7
35. Rf8# 1-0

[Event "Ogolnopolska Olimpiada Mlodziezy C-12"]
[Site "Spala"]
[Date "1899-12-30"]
[Round "9.8"]
[White "Lipiak, Mateusz"]
[Black "Szpar, Milosz"]
[Result "1/2-1/2"]
[WhiteTitle "I"]
[BlackTitle "I"]
[WhiteElo "1489"]
[BlackElo "1798"]

1. e4 d6 2. d4 Nf6 3. Nc3 g6 4. f3 Bg7 5. Be3 O-O 6. Qd2 e5 7. O-O-O exd4 8. Bxd4
Nc6 9. Be3 Be6 10. g4 Qe7 11. Kb1 a6 12. h4 Rab8 13. h5 b5 14. Bh6 Ne5 15. Bxg7
Kxg7 16. hxg6 fxg6 17. Qh6+ Kg8 18. Bh3 Nf7 19. Qd2 b4 20. Nce2 c5 21. Nf4 g5
22. Nxe6 Qxe6 23. Bf1 Rfd8 24. Nh3 h6 25. Nf2 d5 26. exd5 Rxd5 27. Qe2 Rxd1+ 28.
Nxd1 Qd6 29. Qd3 Qxd3 30. Bxd3 Rb6 31. Ne3 Nd7 32. Rd1 Nde5 33. Be4 Rd6 34. Kc1
Rxd1+ 35. Kxd1 Nd6 36. Bd5+ Kg7 37. Ke2 Kf6 38. Kf2 Ng6 39. Bc4 a5 40. Bd3 Nf4
41. Nc4 Nxc4 42. Bxc4 Ke5 43. c3 Ng6 44. Ke3 Ne7 45. a4 bxa3 46. bxa3 Nc8 47.
Bb5 Nd6 48. c4 Nb7 49. a4 Nd8 50. Bd7 Kd6 51. Be8 Ke5 52. Bd7 Nf7 53. Be8 Nd6
54. Bb5 Nc8 55. Bd7 Ne7 56. Be8 Nc8 57. Bd7 Nb6 58. Bb5 Na8 59. Bc6 Nc7 60. Bd7
Na6 61. Bb5 Nb4 62. Bd7 Nc2+ 63. Kd3 Nd4 64. Ke4+ 1/2-1/2

[Event "Ogolnopolska Olimpiada Mlodziezy C-12"]
[Site "Spala"]
[Date "1899-12-30"]
[Round "9.9"]
[White "Kopaczewski, Adam"]
[Black "Posluszny, Tomasz"]
[Result "1-0"]
[WhiteTitle "II+"]
[BlackTitle "II"]
[WhiteElo "1575"]
[BlackElo "1451"]

1. e4 e5 2. d4 exd4 3. Qxd4 Nc6 4. Qe3 Nf6 5. Nc3 d6 6. Bd2 Be7 7. O-O-O O-O 8.
Bc4 Ne5 9. Bb3 c5 10. f4 Nc6 11. f5 Ng4 12. Qg3 Nge5 13. Bh6 Bf6 14. Nd5 Nd7 15.
Nf3 Nd4 16. Rxd4 Bxd4 17. Nxd4 g6 18. Bxf8 Nxf8 19. Nb5 a6 20. Nxd6 Nd7 21. Nxf7
Qa5 22. fxg6 h5 23. Qg5 Nf8 24. Ne7+ Kg7 25. Qe5# 1-0

[Event "Ogolnopolska Olimpiada Mlodziezy C-12"]
[Site "Spala"]
[Date "1899-12-30"]
[Round "9.10"]
[White "Strzelecki, Maciej"]
[Black "Poziomkowski, Szymon"]
[Result "1/2-1/2"]
[WhiteTitle "II"]
[BlackTitle "II+"]
[WhiteElo "1526"]
[BlackElo "1431"]

1. e4 c5 2. Nf3 e6 3. d4 cxd4 4. Nxd4 a6 5. Bd3 Qc7 6. O-O Nf6 7. Nc3 b5 8. a3
d6 9. Be3 Nbd7 10. f4 Bb7 11. Nb3 Be7 12. Kh1 Rc8 13. h3 h5 14. Qe2 h4 15. Bf2
Nh5 16. Qe3 e5 17. f5 Qd8 18. Qa7 Qc7 19. Qe3 Qd8 20. Qa7 Qc7 21. Qe3 Qd8 22.
Qa7 1/2-1/2

[Event "Ogolnopolska Olimpiada Mlodziezy C-12"]
[Site "Spala"]
[Date "1899-12-30"]
[Round "9.11"]
[White "Kawaler, Adam"]
[Black "Mis, Mieszko"]
[Result "0-1"]
[WhiteTitle "I"]
[BlackTitle "I"]
[WhiteElo "1647"]
[BlackElo "1619"]

1. d4 f5 2. c4 Nf6 3. Nf3 e6 4. Bf4 Bd6 5. Bxd6 cxd6 6. Nc3 O-O 7. e3 b6 8. Bd3
Bb7 9. Qe2 Ne4 10. O-O Rf6 11. Nd2 Nxd2 12. Qxd2 Rh6 13. f3 Nc6 14. Qf2 Qe7 15.
e4 f4 16. Rae1 Rf8 17. b3 Qg5 18. Ne2 e5 19. d5 Nb4 20. Bb1 Rff6 21. a3 Na6 22.
g4 Rh4 23. Qg2 h5 24. h3 Rh6 25. Nc3 hxg4 26. fxg4 Rxh3 27. Rf3 Qh4 28. Qxh3 Qxh3
29. Rxh3 Rxh3 30. Rc1 Rg3+ 31. Kf2 Rxg4 32. Rg1 Rh4 33. Nb5 Rh6 34. b4 Nb8 35.
Nxa7 Ba6 36. b5 Bb7 37. Bc2 Rh3 38. Rg6 Rxa3 39. Rxd6 Rxa7 40. Rxb6 Kf7 41. c5
g5 42. c6 dxc6 43. bxc6 Bxc6 44. dxc6 Ra2 45. Rxb8 Rxc2+ 46. Kf3 Rxc6 47. Rb3
Kg6 48. Kg4 Rf6 49. Rf3 Rf7 50. Rf2 f3 51. Kg3 Rf4 52. Rxf3 Rxf3+ 53. Kxf3 Kh5
54. Kg3 g4 55. Kh2 Kh4 56. Kg2 g3 57. Kg1 Kg4 0-1

[Event "Ogolnopolska Olimpiada Mlodziezy C-12"]
[Site "Spala"]
[Date "1899-12-30"]
[Round "9.12"]
[White "Wloch, Mikolaj"]
[Black "Dabrowski, Damian"]
[Result "0-1"]
[WhiteTitle "II"]
[BlackTitle "II+"]
[WhiteElo "1455"]
[BlackElo "1627"]

1. e4 e5 2. Nf3 Nf6 3. Nxe5 d6 4. Nf3 Nxe4 5. Nc3 Nxc3 6. dxc3 Be7 7. Bc4 O-O 8.
O-O Be6 9. Bb3 Bxb3 10. cxb3 Nc6 11. Bf4 Bf6 12. Re1 Re8 13. Qd3 Qd7 14. h3 a6
15. Ng5 Bxg5 16. Bxg5 Rxe1+ 17. Rxe1 Re8 18. Kf1 Rxe1+ 19. Kxe1 Qe6+ 20. Qe3 Ne5
21. Ke2 f6 22. Bh4 Qf5 23. f4 Qh5+ 24. g4 Qxh4 25. fxe5 Qg5 26. exd6 Qxe3+ 27.
Kxe3 cxd6 28. Ke4 Kf7 29. c4 Ke6 30. b4 b6 31. a4 a5 32. b5 g6 33. Kf4 f5 34.
g5 d5 35. b3 dxc4 36. bxc4 Kd6 37. Ke3 Kc5 38. Kd3 f4 39. Ke4 Kxc4 40. Kxf4 Kb4
41. Ke5 Kxa4 42. Kf6 Kxb5 43. Kg7 a4 44. Kxh7 a3 45. Kxg6 a2 46. Kh7 a1=Q 47.
g6 Qh1 48. g7 Qxh3+ 49. Kg6 Qg4+ 50. Kf7 Qxg7+ 51. Kxg7 Kc4 0-1

[Event "Ogolnopolska Olimpiada Mlodziezy C-12"]
[Site "Spala"]
[Date "1899-12-30"]
[Round "9.13"]
[White "Ochowicz, Jakub"]
[Black "Twardowski, Hubert"]
[Result "1-0"]
[WhiteTitle "II"]
[BlackTitle "II"]
[WhiteElo "1713"]
[BlackElo "1450"]

1. e4 e5 2. Nf3 Nc6 3. Nc3 Nf6 4. a3 d6 5. d4 exd4 6. Nxd4 g6 7. Nxc6 bxc6 8. Be2
Bg7 9. Be3 O-O 10. Qd2 Rb8 11. Rb1 Re8 12. f3 a5 13. Bh6 d5 14. Bxg7 Kxg7 15.
exd5 cxd5 16. O-O c6 17. Na4 Qc7 18. Rfe1 Qa7+ 19. Kf1 Ba6 20. c3 Nd7 21. Qd4+
Qxd4 22. cxd4 Bxe2+ 23. Rxe2 Rxe2 24. Kxe2 Nb6 25. Nxb6 Rxb6 26. b4 axb4 27. axb4
Kf6 28. Kd3 Ke6 29. Kc3 Kd7 30. Ra1 Rb7 31. Ra6 f5 32. Kb3 Kc7 33. Ka4 Kd7 34.
Ra8 Kc7 35. Ra6 Kd7 36. g3 Kc8 37. Rxc6+ Kd7 38. Rc5 Kd6 39. b5 Ra7+ 40. Kb4 Ra8
41. Rc6+ Kd7 42. Kc5 Ra5 43. Ra6 1-0

[Event "Ogolnopolska Olimpiada Mlodziezy C-12"]
[Site "Spala"]
[Date "1899-12-30"]
[Round "9.14"]
[White "Szczurek, Krzysztof"]
[Black "Janczak, Dominik"]
[Result "1-0"]
[WhiteTitle "I"]
[BlackTitle "II"]
[WhiteElo "1775"]
[BlackElo "1336"]

1. d4 Nf6 2. c4 c5 3. d5 e5 4. Nc3 d6 5. e4 Be7 6. Bd3 Nbd7 7. Nge2 Nf8 8. f4 exf4
9. Nxf4 Ng4 10. O-O Ne5 11. Bc2 Nfd7 12. b3 O-O 13. Bb2 Bf6 14. Nb5 Qb6 15. Nh5
Bg5 16. a4 Be7 17. Ng3 a6 18. Nf5 axb5 19. Nxe7+ Kh8 20. axb5 Rxa1 21. Qxa1 Qd8
22. Nf5 Qc7 23. Qc1 g6 24. Nh6 Qd8 25. Nxf7+ Rxf7 26. Rxf7 Kg8 27. Rf1 b6 28.
Bxe5 Nxe5 29. Qf4 Kg7 30. Ra1 Qe7 31. h4 h6 32. Rf1 Qd8 33. Ra1 Qe7 34. Rb1 Qc7
35. Kh1 Qb7 36. Ra1 Qc7 37. Ra4 Qb7 38. Qg3 Qc7 39. Qe1 Qe7 40. Ra8 Qd8 41. Ra7+
Bd7 42. Qg3 Qb8 43. Ra1 Bc8 44. Qc3 Qc7 45. Qg3 Qe7 46. Bd1 Qd8 47. Ra7+ Kg8 48.
Bh5 Qe8 49. Bxg6 Qxg6 50. Qxg6+ Nxg6 51. Rc7 Bg4 52. Rc6 Bd1 53. Rxd6 Ne7 54.
Rxb6 Bxb3 55. d6 Nc8 56. Rb8 Bxc4 57. d7 Be6 58. d8=Q+ Kf7 59. Rxc8 Bxc8 60. Qxc8
Ke7 61. Qxc5+ Ke6 62. Kh2 Kd7 63. Qc6+ Ke7 64. Kg3 h5 65. Kf4 Kf7 66. Kf5 Ke7
67. Qe6+ Kd8 68. Qf7 Kc8 69. b6 Kb8 70. Qa7+ Kc8 71. Qc7# 1-0

[Event "Ogolnopolska Olimpiada Mlodziezy C-12"]
[Site "Spala"]
[Date "1899-12-30"]
[Round "9.16"]
[White "Zolkiewski, Jakub"]
[Black "Gozdzicki, Maciej"]
[Result "1-0"]
[WhiteTitle "II"]
[BlackTitle "II"]
[WhiteElo "1504"]
[BlackElo "1373"]

1. d4 Nf6 2. c4 g6 3. Nc3 Bg7 4. e4 d6 5. f3 O-O 6. Be3 e5 7. Nge2 Nbd7 8. Qd2
c6 9. O-O-O a6 10. d5 c5 11. g4 Qa5 12. Ng3 Rb8 13. h4 b5 14. Kb1 bxc4 15. Bxc4
Rb4 16. Be2 Nb6 17. Rh2 Na4 18. Nxa4 Qxa4 19. h5 Bxg4 20. fxg4 Rfb8 21. Bf3 Rxb2+
22. Qxb2 Rxb2+ 23. Rxb2 c4 24. Rc1 Qa3 25. Nf1 Qd3+ 26. Ka1 Nxe4 27. Be2 Qxd5
28. Rb8+ Bf8 29. Bh6 Qd4+ 30. Kb1 Nc3+ 31. Rxc3 Qe4+ 32. Rc2 Qxc2+ 33. Kxc2 Kh8
34. Rxf8# 1-0

[Event "Ogolnopolska Olimpiada Mlodziezy C-12"]
[Site "Spala"]
[Date "1899-12-30"]
[Round "9.17"]
[White "Majocha, Piotr"]
[Black "Paliwoda, Borys"]
[Result "1-0"]
[WhiteTitle "II"]
[BlackTitle "II"]
[WhiteElo "1462"]
[BlackElo "1499"]

1. c4 e5 2. g3 Nf6 3. Bg2 d5 4. cxd5 Nxd5 5. Nc3 Be6 6. d3 Nc6 7. Nf3 Bc5 8. Bd2
O-O 9. O-O h6 10. a3 Qd7 11. Re1 Rad8 12. Qc2 Be7 13. b4 a6 14. Ne4 f6 15. Nc5
Bxc5 16. Qxc5 f5 17. Qc2 Nf6 18. Bc3 Qd6 19. Red1 Nd4 20. Nxd4 exd4 21. Bb2 c6
22. Rac1 f4 23. Qc5 fxg3 24. hxg3 Qd7 25. Re1 Bh3 26. Rc4 Bxg2 27. Kxg2 Ng4 28.
Rf1 Qe6 29. Rxd4 Rxd4 30. Qxd4 Qd5+ 31. f3 Qxd4 32. Bxd4 Nf6 33. Bxf6 Rxf6 34.
Rc1 Re6 35. Kf2 Kf7 36. Rc4 g5 37. g4 Kf6 38. Rd4 Re7 39. Rd6+ Kg7 40. e4 Rf7
41. Ke3 Re7 42. d4 Rf7 43. e5 Re7 44. Ke4 Rf7 45. Re6 Rf4+ 46. Ke3 Rf7 47. Rd6
Re7 48. Ke4 Rf7 49. d5 Rf4+ 50. Ke3 cxd5 51. Rxd5 Rf7 52. Rc5 Re7 53. Ke4 Kg6
54. Rd5 Kg7 55. Rd6 Rf7 56. e6 Rf4+ 57. Ke3 Kf6 58. Rd4 Rxd4 59. Kxd4 Kxe6 60.
Kc5 Ke5 61. Kb6 Kf4 62. Kxb7 Kxf3 63. Kxa6 Kxg4 64. b5 h5 65. b6 h4 66. b7 h3
67. b8=Q h2 68. Qxh2 Kf3 69. Qg1 Ke2 70. Qg3 Kd1 71. Qg2 Ke1 72. Kb5 Kd1 73. Kc4
Ke1 74. Kd3 Kd1 75. Qg1# 1-0

[Event "Ogolnopolska Olimpiada Mlodziezy C-12"]
[Site "Spala"]
[Date "1899-12-30"]
[Round "9.18"]
[White "Manka, Mateusz"]
[Black "Polczyk, Mikolaj"]
[Result "1-0"]
[WhiteTitle "II"]
[BlackTitle "II+"]
[WhiteElo "1460"]
[BlackElo "1594"]

1. e4 e6 2. d4 d5 3. Nc3 Nf6 4. e5 Nfd7 5. f4 c5 6. Nf3 Nc6 7. Be3 cxd4 8. Nxd4
Bc5 9. Qd2 O-O 10. O-O-O a6 11. Qf2 Nxd4 12. Bxd4 Qc7 13. Bd3 b5 14. Qh4 h6 15.
Ne2 Bxd4 16. Nxd4 Nc5 17. g4 f6 18. Rhe1 fxe5 19. fxe5 Bd7 20. Qg3 Qa5 21. Kb1
Nxd3 22. Rxd3 Rf7 23. Rdd1 Raf8 24. g5 h5 25. g6 Rf4 26. Qg5 Rxd4 27. Qxh5 Rxd1+
28. Rxd1 Rf5 29. Qh7+ Kf8 30. Qh8+ Ke7 31. Qxg7+ Kd8 32. Qh8+ Kc7 33. g7 Qd2 34.
Rc1 Rxe5 35. g8=Q Re1 36. Qc3+ 1-0

[Event "Ogolnopolska Olimpiada Mlodziezy C-12"]
[Site "Spala"]
[Date "1899-12-30"]
[Round "9.20"]
[White "Baran, Mateusz"]
[Black "Pijewski, Milosz"]
[Result "1/2-1/2"]
[WhiteTitle "II"]
[BlackTitle "II"]
[WhiteElo "1377"]
[BlackElo "1572"]

1. e4 c6 2. Ne2 d5 3. e5 c5 4. c3 Nc6 5. d4 e6 6. Ng3 Qb6 7. Ne2 Bd7 8. b3 cxd4
9. cxd4 Bb4+ 10. Nbc3 Bxc3+ 11. Nxc3 Qxd4 12. Qxd4 Nxd4 13. Bd3 Ne7 14. Be3 Ndf5
15. Bd2 O-O 16. O-O Nd4 17. Ne2 Bb5 18. Nxd4 Bxd3 19. Rfd1 Ba6 20. Bb4 Rfe8 21.
Rac1 Ng6 22. Bd6 Rec8 23. g3 Nf8 24. f4 Nd7 25. f5 Re8 26. fxe6 fxe6 27. Rc7 Nb6
28. Rdc1 Rad8 29. a4 Nc8 30. Bb4 h6 31. R1c3 Nb6 32. a5 Na8 33. R7c5 b6 34. axb6
axb6 35. Rc6 Bc8 36. Rc2 Bd7 37. R6c3 Rc8 38. Rxc8 Rxc8 39. Rxc8+ Bxc8 40. Bd6
Bd7 41. b4 b5 1/2-1/2

[Event "Ogolnopolska Olimpiada Mlodziezy C-12"]
[Site "Spala"]
[Date "1899-12-30"]
[Round "9.21"]
[White "Fus, Jakub"]
[Black "Maciejewski, Kamil"]
[Result "0-1"]
[WhiteTitle "II"]
[BlackTitle "II+"]
[WhiteElo "1429"]
[BlackElo "1384"]

1. d4 d5 2. c4 dxc4 3. Nc3 e5 4. d5 Nf6 5. e3 c6 6. dxc6 Qxd1+ 7. Kxd1 Nxc6 8.
Bxc4 Bf5 9. Bd2 Rd8 10. a3 a6 11. Nge2 Na5 12. Ba2 Bd3 13. b4 Nc4 14. Bxc4 Bxc4
15. h3 Be7 16. Rb1 O-O 17. Rb2 Rd7 18. Re1 Rfd8 19. Kc1 Bd3 20. Kd1 Ne8 21. Nc1
Bc4 22. Rc2 Nd6 23. Rb2 e4 24. Rc2 Bf6 25. Rg1 Bxc3 26. Rxc3 Nb5 27. Rc2 Nxa3
28. Rb2 Be6 29. Re1 Nc4 0-1

[Event "Ogolnopolska Olimpiada Mlodziezy C-12"]
[Site "Spala"]
[Date "1899-12-30"]
[Round "9.22"]
[White "Wilk, Radoslaw"]
[Black "Ciesielski, Maciej"]
[Result "1/2-1/2"]
[WhiteTitle "II"]
[BlackTitle "II"]
[WhiteElo "1422"]
[BlackElo "1201"]

1. d4 d5 2. Nf3 e6 3. Bg5 Nf6 4. Nbd2 Be7 5. e3 O-O 6. Bd3 c5 7. c3 Nc6 8. O-O
c4 9. Bc2 b5 10. Ne5 Nxe5 11. dxe5 Nd7 12. Bxe7 Qxe7 13. f4 Bb7 14. Rf3 d4 15.
Rh3 d3 16. Qh5 h6 17. Bd1 Nc5 18. Bf3 Bxf3 19. Nxf3 Na4 20. Rb1 b4 21. Qh4 Qxh4
22. Rxh4 bxc3 23. bxc3 Nxc3 24. Rb4 Ne2+ 25. Kf2 c3 26. Ne1 d2 27. Kxe2 dxe1=B
28. Kxe1 c2 29. Kd2 Rac8 30. Kc1 Rc7 31. a3 a5 32. Rb2 Rfc8 33. Rh3 Rc3 34. e4
Rxh3 35. gxh3 Rc3 36. Rxc2 Rxa3 37. Rc8+ Kh7 38. Rc7 Kg6 39. f5+ exf5 40. exf5+
Kxf5 41. Rxf7+ Kxe5 42. Rxg7 Rxh3 43. Ra7 Rxh2 44. Rxa5+ Kf4 45. Kd1 h5 46. Ke1
Kf3 47. Ra3+ 1/2-1/2

[Event "Ogolnopolska Olimpiada Mlodziezy C-12"]
[Site "Spala"]
[Date "1899-12-30"]
[Round "9.23"]
[White "Frydrych, Lukasz"]
[Black "Frank, Mateusz"]
[Result "1/2-1/2"]
[WhiteTitle "II"]
[BlackTitle "II"]
[WhiteElo "1493"]
[BlackElo "1329"]

1. d4 d5 2. Nf3 Nf6 3. Bf4 Bf5 4. e3 c6 5. h3 Nbd7 6. Bd3 Bg6 7. O-O e6 8. c4 dxc4
9. Bxc4 Nb6 10. Bd3 Bd6 11. Ne5 Bxe5 12. Bxe5 O-O 13. Nc3 Nfd5 14. a3 Qe7 15.
Bxg6 hxg6 16. Qe2 Nd7 17. Bh2 Nxc3 18. bxc3 Nf6 19. Qc2 Rac8 20. a4 c5 21. Qb2
cxd4 22. cxd4 Rc6 23. Rfc1 Rfc8 24. g4 Qd7 25. Rxc6 Qxc6 26. a5 Qf3 27. Rc1 Rxc1+
28. Qxc1 b6 29. axb6 axb6 30. Qf1 Qc6 31. Qg2 Qa4 32. g5 Nh5 33. Qb7 b5 34. Qb8+
Kh7 35. Bd6 Qc4 36. Bf8 Qd5 37. h4 Qf3 38. Bc5 Qg4+ 39. Kf1 Qd1+ 40. Kg2 Qg4+
41. Kf1 Qxh4 42. Qxb5 Qxg5 43. Qb7 Qf5 44. Qg2 Qc2 45. Qf3 Qc4+ 46. Kg2 e5 47.
Qb7 exd4 48. exd4 Qe6 49. Qf3 1/2-1/2